000 00511nam a2200181Ia 4500
005 20250508161648.0
008 008 250505s9999 xx 000 0 eng d
037 _aTextual
040 _aFEDL
_beng
_cFEDL
041 _aeng
_2eng
084 _a916.3, CAR
_qFEDL
100 _aCarpenter Frances
_9672182
245 0 _aStory of east Africa
260 _aCincinnati, USA
_bMcCormic-Mathers Publishing Company
_c1967
300 _a140p.
942 _cTEXL
_h916.3, CAR
999 _c1371407
_d1371407